000 00593nam a2200229 a 4500
001 0001-1410
003 ELIB.Books
008 160805 2010 eng
020 _a0883965089
035 _a(ELIB.Books)0001-1565
092 _a179.6
_bPag
100 _aPagels, Douglas.
245 _aThe Language of Courage and Inner Strength
260 _aColorado
_bBlue Mountain Press
_c1999
300 _c17 Cm
650 _aCourage/ Literacy Collections
856 _nKBTS Library
_uKBTS: ELIB
942 _2ddc
_cBK
990 _a1
998 _cbat
_e2016-08-05
999 _c11410
_d11410